[Event "Reykjavik Open 2018"]
[Site "Reykjavik ISL"]
[Date "2018.03.13"]
[Round "8.88"]
[White "Arvidsson, Jonas"]
[Black "Magnusdottir, Veronika Steinunn"]
[Result "1-0"]
[WhiteElo "1913"]
[BlackElo "1735"]
[WhiteFideId "1717839"]
[BlackFideId "2309114"]
[EventDate "2018.03.06"]

1. e4 c5 2. Nf3 e6 3. Nc3 a6 4. d4 cxd4 5. Nxd4 b5 6. Bd3 Bb7 7. O-O Qc7 8. Kh1
Nf6 9. a3 b4 10. axb4 Bxb4 11. Na4 O-O 12. Qe2 Nc6 13. c3 Be7 14. Bg5 Ne5 15.
Bc2 Ng6 16. Rae1 h6 17. Bd2 d5 18. e5 Ne4 19. f4 Bh4 20. Ra1 a5 21. Be3 Ba6 22.
Bd3 Bxd3 23. Qxd3 Rfb8 24. Nf3 Be7 25. Nd2 Nc5 26. Nxc5 Bxc5 27. Bxc5 Qxc5 28.
Rab1 Ne7 29. g4 Rd8 30. b4 axb4 31. cxb4 Qb6 32. b5 Ra2 33. f5 exf5 34. gxf5 d4
35. f6 gxf6 36. Rxf6 Qb7+ 37. Ne4 Ng6 38. e6 Ra3 39. exf7+ Kg7 40. Qc2 d3 41.
Qg2 Qxe4 42. Qxe4 Kxf6 43. Rf1+ Kg7 44. Rg1 d2 45. Qxg6+ Kf8 46. Qg8+ Ke7 47.
Qxd8+ 1-0

[Event "Reykjavik Open 2018"]
[Site "Reykjavik ISL"]
[Date "2018.03.13"]
[Round "8.89"]
[White "Marshall, Michael"]
[Black "Hallsson, Jon Eggert"]
[Result "0-1"]
[WhiteElo "1890"]
[BlackElo "1684"]
[WhiteFideId "1409956"]
[BlackFideId "2311569"]
[EventDate "2018.03.06"]

1. d4 f5 2. Bg5 Nf6 3. Bxf6 exf6 4. c4 d5 5. e3 Bb4+ 6. Nc3 O-O 7. Qb3 Bxc3+ 8.
Qxc3 Re8 9. cxd5 f4 10. Bc4 fxe3 11. fxe3 f5 12. Ne2 Qh4+ 13. g3 Qe4 14. Kf2 Kh8
15. Rhe1 Nd7 16. Nf4 Nf6 17. h3 g5 18. Ne6 Bxe6 19. dxe6 g4 20. Be2 Rxe6 21. Qd3
Qd5 22. Qc4 Qd6 23. Bd3 Rf8 24. h4 Ne4+ 25. Bxe4 fxe4+ 26. Ke2 Ref6 27. Rf1 Qxg3
28. Rxf6 Rxf6 29. Rf1 Rxf1 30. Kxf1 Qf3+ 31. Kg1 Qxe3+ 32. Kf1 Qd3+ 0-1

[Event "Reykjavik Open 2018"]
[Site "Reykjavik ISL"]
[Date "2018.03.13"]
[Round "8.90"]
[White "Gardarsson, Hordur"]
[Black "Eiriksson, Sigurdur"]
[Result "1/2-1/2"]
[WhiteElo "1647"]
[BlackElo "1866"]
[WhiteFideId "2303604"]
[BlackFideId "2302314"]
[EventDate "2018.03.06"]

1. d4 Nf6 2. c4 g6 3. Nc3 d5 4. cxd5 Nxd5 5. e4 Nxc3 6. bxc3 Bg7 7. Bc4 O-O 8.
Ne2 c5 9. O-O Nc6 10. Be3 cxd4 11. cxd4 Qa5 12. Qb3 Qh5 13. Ng3 Qa5 14. Rad1 Qc7
15. Qc2 Qa5 16. h4 Bd7 17. Qe2 Rac8 18. h5 b5 19. Bb3 Qb4 20. hxg6 hxg6 21. e5
Na5 22. Bd5 e6 23. Be4 Nc4 24. Bg5 Bc6 25. Qg4 Rfe8 26. Bxc6 Rxc6 27. Ne4 Rec8
28. Qh4 Kf8 29. Nf6 R6c7 30. Qh7 Bxf6 31. Bxf6 Ke8 32. Qg8+ Qf8 33. Qh7 Nb2 34.
Rd2 Nc4 35. Rd3 Nb2 36. Rb3 Nc4 37. Rxb5 Nb6 38. Rd1 Nd5 39. Bg7 Qe7 40. Qh3 Rc3 1/2-1/2

[Event "Reykjavik Open 2018"]
[Site "Reykjavik ISL"]
[Date "2018.03.13"]
[Round "8.91"]
[White "Andrason, Pall"]
[Black "Briem, Benedikt"]
[Result "1-0"]
[WhiteElo "1858"]
[BlackElo "1560"]
[WhiteFideId "2300630"]
[BlackFideId "2315432"]
[EventDate "2018.03.06"]

1. c4 f5 2. Nc3 Nf6 3. g3 e6 4. Bg2 Be7 5. e3 O-O 6. Nge2 d6 7. b3 a5 8. Bb2 Nc6
9. d4 e5 10. d5 Nb8 11. O-O Qe8 12. f4 e4 13. Nd4 Ng4 14. Qe2 Bf6 15. Ncb5 Na6
16. h3 Nh6 17. Bh1 Bd7 18. Kh2 Rc8 19. Rg1 g6 20. g4 Bg7 21. gxf5 Nxf5 22. Nxf5
Bxf5 23. Bxg7 Kxg7 24. Rg5 Qf7 25. Nd4 Qd7 26. Rag1 Kh8 27. Qe1 Nc5 28. Nxf5
gxf5 29. Qc3+ Rf6 30. Qxf6+ 1-0

[Event "Reykjavik Open 2018"]
[Site "Reykjavik ISL"]
[Date "2018.03.13"]
[Round "8.92"]
[White "Hjaltason, Elvar Orn"]
[Black "Agustsson, Hafsteinn"]
[Result "0-1"]
[WhiteElo "1639"]
[BlackElo "1853"]
[WhiteFideId "2315084"]
[BlackFideId "2302047"]
[EventDate "2018.03.06"]

1. d4 d5 2. c4 e6 3. Nc3 Bb4 4. e3 Nf6 5. Bd3 O-O 6. Ne2 c5 7. O-O cxd4 8. Nxd4
Bxc3 9. bxc3 e5 10. Nb3 dxc4 11. Bxc4 Qc7 12. Qe2 a6 13. e4 Nbd7 14. f4 b5 15.
Bd3 Qxc3 16. Bb2 Qc7 17. Rac1 Qb6+ 18. Kh1 Re8 19. f5 Bb7 20. g4 Rec8 21. g5 Ne8
22. Rf3 Rxc1+ 23. Bxc1 Nd6 24. f6 Qc6 25. Re3 gxf6 26. gxf6 Nxf6 27. Qg2+ Kh8
28. Qg5 Ndxe4 29. Bxe4 Nxe4 30. Qxe5+ f6 31. Qf4 Ng3+ 32. Kg1 Qg2# 0-1

[Event "Reykjavik Open 2018"]
[Site "Reykjavik ISL"]
[Date "2018.03.13"]
[Round "8.93"]
[White "Mirza, Diana"]
[Black "Sigurvaldason, Hjalmar"]
[Result "1-0"]
[WhiteTitle "WFM"]
[WhiteElo "1849"]
[BlackElo "1499"]
[WhiteFideId "2503999"]
[BlackFideId "2306018"]
[EventDate "2018.03.06"]

1. d4 d5 2. Nf3 Bf5 3. e3 e6 4. c4 c6 5. Be2 Nf6 6. Nh4 Bg6 7. Nxg6 hxg6 8. Nd2
Bd6 9. Nf3 Nbd7 10. h3 Qe7 11. O-O O-O-O 12. c5 Bb8 13. b4 e5 14. dxe5 Nxe5 15.
Nd4 Nfd7 16. f4 Nc4 17. Qb3 Rh7 18. Bxc4 dxc4 19. Qxc4 Nf6 20. b5 cxb5 21. Nxb5
Qd7 22. Nd6+ Bxd6 23. cxd6+ Kb8 24. Ba3 Ne8 25. Rfd1 Rc8 26. Qb3 Rh5 27. Rab1 a6
28. Qd3 b5 29. Bb4 Rf5 30. Qd4 Rc6 31. Rbc1 Rxc1 32. Rxc1 Kb7 33. Qe4+ Kb8 34.
Rc6 Nf6 35. Qc2 Nd5 36. Bd2 Kb7 37. Rc5 Qxd6 38. e4 Nxf4 39. exf5 Nxh3+ 40. gxh3
Qg3+ 41. Kf1 Qxh3+ 42. Ke2 Qh2+ 43. Kd1 Qg1+ 44. Be1 Qd4+ 45. Kc1 Qe3+ 46. Bd2
Qg1+ 47. Kb2 Qd4+ 48. Qc3 1-0

[Event "Reykjavik Open 2018"]
[Site "Reykjavik ISL"]
[Date "2018.03.13"]
[Round "8.94"]
[White "Kreken, Eivind Grunt"]
[Black "Pedersen, Lars Wisler"]
[Result "0-1"]
[WhiteElo "1612"]
[BlackElo "1842"]
[WhiteFideId "1532359"]
[BlackFideId "1417045"]
[EventDate "2018.03.06"]

1. Nf3 d5 2. c4 d4 3. b4 e6 4. Bb2 c5 5. g3 Nf6 6. Bg2 Bd6 7. d3 O-O 8. O-O Nc6
9. bxc5 Bxc5 10. Bc1 e5 11. Ne1 Re8 12. Bg5 h6 13. Bxf6 Qxf6 14. f4 exf4 15.
Rxf4 Qd6 16. Nd2 Qd8 17. Nb3 Be7 18. Nc2 Bg5 19. Bxc6 bxc6 20. Rxd4 Qc7 21. Re4
Rxe4 22. dxe4 Bh3 23. e3 Qe5 24. Qd4 Qe6 25. Nc5 Qg4 26. e5 Qe2 27. Qe4 Rd8 28.
Re1 Rd1 29. Nd3 Rxe1+ 0-1

[Event "Reykjavik Open 2018"]
[Site "Reykjavik ISL"]
[Date "2018.03.13"]
[Round "8.96"]
[White "Huber-Delle, Guenther"]
[Black "Petersson, Baldur Teodor"]
[Result "1/2-1/2"]
[BlackTitle "CM"]
[WhiteElo "1665"]
[BlackElo "2073"]
[WhiteFideId "30904056"]
[BlackFideId "2309157"]
[EventDate "2018.03.06"]

1. d4 Nf6 2. Nf3 g6 3. Bg5 Bg7 4. e3 c5 5. c3 O-O 6. Be2 d5 7. Nbd2 Nc6 8. O-O
b6 9. Bh4 Bb7 10. Qc2 Rc8 11. Rac1 Qd7 12. Bb5 a6 13. Ne5 Qe6 14. Bxc6 Bxc6 15.
Nxc6 Rxc6 16. Bxf6 Bxf6 17. Rfe1 cxd4 18. exd4 Qg4 19. Nf3 Rfc8 20. Qd3 b5 21.
h3 Qf4 22. a3 e6 23. g3 Qb8 24. Kg2 a5 25. h4 b4 26. axb4 axb4 27. Re2 bxc3 28.
bxc3 Rb6 29. Rec2 Rb3 30. Qa6 Be7 31. c4 Rxc4 32. Rxc4 dxc4 33. Qxc4 Kg7 34. Rc2
Qb7 35. Qc6 Qb4 36. d5 exd5 37. Qxd5 Qb7 38. Qxb7 Rxb7 39. Nd2 Rb4 40. f3 f5 41.
f4 h6 42. Nf3 Re4 43. Ne5 g5 44. hxg5 hxg5 45. Rc7 gxf4 46. gxf4 Kf6 47. Rc6+
Kg7 48. Rc7 1/2-1/2

[Event "Reykjavik Open 2018"]
[Site "Reykjavik ISL"]
[Date "2018.03.13"]
[Round "8.97"]
[White "Hrafnsson, Hreinn"]
[Black "Davidsdottir, Nansy"]
[Result "1/2-1/2"]
[WhiteElo "1637"]
[BlackElo "1975"]
[WhiteFideId "2304686"]
[BlackFideId "2309491"]
[EventDate "2018.03.06"]

1. d4 d5 2. c4 e6 3. Nc3 c6 4. e3 Nf6 5. Nf3 Nbd7 6. Bd3 dxc4 7. Bxc4 b5 8. Bd3
Be7 9. O-O Bb7 10. Re1 O-O 11. a3 a5 12. Ne2 Qb6 13. b3 c5 14. dxc5 Nxc5 15. Bb2
Rad8 16. Bd4 Bxf3 17. gxf3 e5 18. Bxc5 Bxc5 19. Nc3 Kh8 20. Qe2 Nd5 21. Nxd5
Rxd5 22. Bxb5 Rfd8 23. a4 Qg6+ 24. Kh1 Rd2 25. Rad1 Bb4 26. Rxd2 Rxd2 27. Rd1
Rxd1+ 28. Qxd1 Qf6 29. Qd5 g5 30. Qe4 h6 31. Bd3 Kg8 32. Qa8+ Kg7 33. Qe4 1/2-1/2

[Event "Reykjavik Open 2018"]
[Site "Reykjavik ISL"]
[Date "2018.03.13"]
[Round "8.99"]
[White "Kleinert, Juergen"]
[Black "Hannesson, Sigurdur Orn"]
[Result "1-0"]
[WhiteElo "1887"]
[BlackElo "1623"]
[WhiteFideId "4659180"]
[BlackFideId "2316056"]
[EventDate "2018.03.06"]

1. e4 e5 2. Nc3 Nf6 3. f4 d6 4. Nf3 Nc6 5. d4 exd4 6. Nxd4 Nxd4 7. Qxd4 Be7 8.
Bd2 c6 9. O-O-O Qb6 10. Be3 Qxd4 11. Bxd4 c5 12. Bxf6 gxf6 13. Nb5 Kd7 14. Nxd6
Bxd6 15. e5 fxe5 16. fxe5 a6 17. g3 Ke6 18. exd6 Rd8 19. Bc4+ Kd7 20. Bxf7 Rf8
21. Bh5 Kc6 22. Rhe1 Bd7 23. Re3 Rab8 24. Bf3+ Rxf3 25. Rxf3 Bg4 26. d7 Rd8 27.
Rf6+ Kc7 28. Rd5 Bxd7 29. Rxc5+ Bc6 30. Rf7+ Kb6 31. Re5 h6 32. Rf6 Rh8 33. Rh5
Re8 34. Rhxh6 Ka7 35. Rxc6 bxc6 36. Rxc6 1-0

[Event "Reykjavik Open 2018"]
[Site "Reykjavik ISL"]
[Date "2018.03.13"]
[Round "8.100"]
[White "Pedersen, Soren Sandmann"]
[Black "Heidarsson, Arnar"]
[Result "1/2-1/2"]
[WhiteElo "1794"]
[BlackElo "1557"]
[WhiteFideId "30929717"]
[BlackFideId "2312875"]
[EventDate "2018.03.06"]

1. d4 d5 2. c4 e6 3. Nc3 Nf6 4. cxd5 exd5 5. Bg5 Be7 6. e3 c6 7. Bd3 O-O 8. Qc2
g6 9. Nge2 Nh5 10. Bxe7 Qxe7 11. O-O-O Nd7 12. g4 Ng7 13. Ng3 Nb6 14. h3 f5 15.
Rde1 Bd7 16. h4 fxg4 17. h5 Bf5 18. hxg6 hxg6 19. Rh2 Qg5 20. Reh1 Rae8 21. Kb1
Nc4 22. Bxf5 gxf5 23. Nce2 Nd6 24. Nf4 Ne4 25. Ngh5 Nf6 26. Nxg7 Kxg7 27. Rh6
Qxh6 28. Rxh6 Kxh6 29. Qxf5 Kg7 30. Ne6+ Rxe6 31. Qxe6 Re8 32. Qf5 Re7 33. Qg5+
Kf7 34. Qf5 Kg7 35. Kc2 a6 36. Qg5+ Kf7 37. Qf5 Kg7 38. Kd3 Kf7 39. a3 Rc7 40.
Qe5 Re7 41. Qf5 Kg7 42. Kc3 Rd7 43. Kb4 Kf7 44. Kc5 Re7 45. Kd6 Re8 46. b4 Re7
47. a4 Re8 48. Kc5 Re7 49. Qf4 Re6 50. Qf5 1/2-1/2

[Event "Reykjavik Open 2018"]
[Site "Reykjavik ISL"]
[Date "2018.03.13"]
[Round "8.101"]
[White "Gudmundsson, Gunnar Erik"]
[Black "De Winter, Eric"]
[Result "1/2-1/2"]
[WhiteElo "1511"]
[BlackElo "1775"]
[WhiteFideId "2314339"]
[BlackFideId "1033069"]
[EventDate "2018.03.06"]

1. d4 Nf6 2. c4 g6 3. Nc3 d5 4. cxd5 Nxd5 5. e4 Nxc3 6. bxc3 Bg7 7. Be3 c5 8.
Qd2 cxd4 9. cxd4 O-O 10. Rb1 e6 11. Nf3 Nc6 12. Be2 Qa5 13. Qxa5 Nxa5 14. O-O b6
15. Rfc1 Bb7 16. e5 Rac8 17. h3 Bd5 18. a3 Nb3 19. Re1 Rc7 20. Nd2 Na5 21. Nf3
Rd8 22. h4 h6 23. Nd2 Kh7 24. Ba6 Bf8 25. a4 Rdd7 26. Kh2 Kg7 27. g4 Rc2 28. Bd3
Ra2 29. Rec1 Ra3 30. Be2 Nb3 31. Nxb3 Bxb3 32. Bb5 Rd8 33. Rc7 Ba2 34. Rb2 Bd5
35. Rbc2 a6 36. Bxa6 Rxa4 37. Be2 Ra1 38. Rb2 Rb8 39. Kg3 Ra2 40. Rcc2 Rba8 1/2-1/2

[Event "Reykjavik Open 2018"]
[Site "Reykjavik ISL"]
[Date "2018.03.13"]
[Round "8.102"]
[White "Davidsson, Stefan Orri"]
[Black "Shaw, Robin A"]
[Result "0-1"]
[WhiteElo "1365"]
[BlackElo "1770"]
[WhiteFideId "2311399"]
[BlackFideId "3204677"]
[EventDate "2018.03.06"]

1. e4 g6 2. d4 Bg7 3. Nf3 d6 4. Nc3 a6 5. h3 b5 6. a3 Bb7 7. Bf4 Nd7 8. Bd3 c5
9. dxc5 Nxc5 10. Qe2 Rc8 11. Bd2 Nf6 12. O-O O-O 13. Rfe1 Nfd7 14. Rac1 Re8 15.
Bf4 Ne6 16. Bd2 Nec5 17. Bf4 Ne6 18. Bd2 Ndc5 19. Rb1 Nd4 20. Nxd4 Bxd4 21. Kh1
e6 22. f4 Qh4 23. e5 Qxh3# 0-1

[Event "Reykjavik Open 2018"]
[Site "Reykjavik ISL"]
[Date "2018.03.13"]
[Round "8.103"]
[White "Peoples, Jonathon"]
[Black "Walker, Gordon J"]
[Result "1-0"]
[WhiteElo "1763"]
[BlackElo "1509"]
[WhiteFideId "2509520"]
[BlackFideId "2406497"]
[EventDate "2018.03.06"]

1. e4 e5 2. f4 Nc6 3. Nf3 Bc5 4. Bc4 d6 5. c3 Bg4 6. b4 Bb6 7. a4 a6 8. a5 Ba7
9. Qb3 Qe7 10. b5 axb5 11. Qxb5 exf4 12. Bd5 Rb8 13. a6 Bd7 14. axb7 Ne5 15. Qa6
Nxf3+ 16. gxf3 Bb6 17. Na3 Nf6 18. Bb3 O-O 19. d3 Qe5 20. Bd2 Bc6 21. Nc4 Qb5
22. Qxb5 Bxb5 23. Nxb6 cxb6 24. Bxf4 Rxb7 25. Bxd6 Rd8 26. e5 Bxd3 27. exf6 gxf6
28. Rg1+ Bg6 29. Bb4 Kg7 30. Rd1 Re8+ 31. Kf2 Re5 32. Rd5 Rxd5 33. Bxd5 Rd7 34.
Rd1 Bc2 35. Rd4 b5 36. Be4 Rxd4 37. cxd4 Bxe4 38. fxe4 f5 39. d5 f4 40. d6 1-0

[Event "Reykjavik Open 2018"]
[Site "Reykjavik ISL"]
[Date "2018.03.13"]
[Round "8.104"]
[White "Holm, Fridgeir K"]
[Black "Haile, Batel Goitom"]
[Result "1-0"]
[WhiteElo "1746"]
[BlackElo "1361"]
[WhiteFideId "2307324"]
[BlackFideId "2315190"]
[EventDate "2018.03.06"]

1. e4 c5 2. Nf3 d6 3. d4 cxd4 4. Nxd4 Nf6 5. Nc3 a6 6. Bg5 e5 7. Bxf6 Qxf6 8.
Nd5 Qd8 9. Ne2 b5 10. a3 Bb7 11. Nec3 Nd7 12. Be2 Be7 13. O-O O-O 14. Bg4 Nb6
15. Nxe7+ Qxe7 16. Qd3 Rad8 17. Bf3 Rfe8 18. b3 f5 19. Qe3 fxe4 20. Bh5 g6 21.
Bxg6 hxg6 22. Qxb6 Qh7 23. Rad1 d5 24. Nxe4 Qf7 25. Nf6+ Kh8 26. Nxe8 Rxe8 27.
Rd3 d4 28. Rg3 Re6 29. Qd8+ Re8 30. Qg5 Be4 31. Re1 Rf8 32. Qxe5+ Kg8 33. Qxd4
Bd5 34. Rh3 Qf6 35. Qxd5+ Kg7 36. Rf3 Re8 37. Qd7+ 1-0

[Event "Reykjavik Open 2018"]
[Site "Reykjavik ISL"]
[Date "2018.03.13"]
[Round "8.105"]
[White "Stefansson, Benedikt"]
[Black "Miranda Herrera, Miguel"]
[Result "0-1"]
[WhiteElo "1297"]
[BlackElo "1722"]
[WhiteFideId "2312379"]
[BlackFideId "24507067"]
[EventDate "2018.03.06"]

1. d4 f5 2. Nf3 Nf6 3. c4 d6 4. Nc3 h6 5. e3 g5 6. Bd3 Bg7 7. Qc2 e6 8. e4 fxe4
9. Nxe4 Nc6 10. a3 g4 11. Nfd2 Nxd4 12. Qb1 b6 13. Nxf6+ Qxf6 14. Bg6+ Kd7 15.
Qe4 Qe5 16. O-O Ne2+ 17. Kh1 Qxe4 18. Bxe4 c6 19. Rb1 Nxc1 20. Rfxc1 d5 21. cxd5
exd5 22. Bf5+ Kd6 23. Bxc8 Raxc8 24. Rd1 Rhf8 25. Kg1 Kc7 26. f3 gxf3 27. Nxf3
Rce8 28. b4 Kd6 29. a4 Re4 30. a5 b5 31. Rb3 Rff4 32. Rdb1 Rc4 33. Nd2 Rc2 34.
Nf3 Rfc4 35. Kf1 Rc1+ 36. Rxc1 Rxc1+ 37. Ke2 Rc2+ 38. Kf1 Rb2 39. Rxb2 Bxb2 40.
Ne1 Bc3 41. Nd3 c5 42. Nxc5 Bxb4 43. Nb3 Ke5 44. Ke2 Ke4 45. a6 d4 46. Nc1 Bd6
47. g3 b4 48. Nd3 b3 49. g4 Ba3 0-1

[Event "Reykjavik Open 2018"]
[Site "Reykjavik ISL"]
[Date "2018.03.13"]
[Round "8.106"]
[White "Hjaltason, Magnus"]
[Black "Thorsson, Pall"]
[Result "1/2-1/2"]
[WhiteElo "1281"]
[BlackElo "1693"]
[WhiteFideId "2312883"]
[BlackFideId "2304406"]
[EventDate "2018.03.06"]

1. e4 d6 2. d4 Nd7 3. Nf3 g6 4. Bb5 c6 5. Ba4 Bg7 6. O-O Ngf6 7. e5 dxe5 8. dxe5
Nd5 9. Re1 Nc5 10. Bb3 O-O 11. Bxd5 cxd5 12. Nc3 Bf5 13. Nxd5 e6 14. Ne3 Be4 15.
Ng4 Qxd1 16. Rxd1 Bxc2 17. Re1 Rfd8 18. Bg5 Rdc8 19. Rac1 Nd3 20. h3 Nxe1 21.
Rxe1 h5 22. Nf6+ Kh8 23. g4 Bxf6 24. exf6 Rc7 25. Bf4 Rc4 26. Bh6 Kh7 27. Bg7
hxg4 28. hxg4 Rxg4+ 29. Kh2 g5 30. Rc1 Be4 31. Ne5 Rh4+ 32. Kg3 Rd8 33. f3 Rd5
34. Nxf7 Kg6 35. Nh8+ Rxh8 36. Bxh8 1/2-1/2

[Event "Reykjavik Open 2018"]
[Site "Reykjavik ISL"]
[Date "2018.03.13"]
[Round "8.107"]
[White "Stuart, Brian"]
[Black "Gunnarsson, Baltasar Mani Wedhol"]
[Result "1-0"]
[WhiteElo "1688"]
[BlackElo "1270"]
[WhiteFideId "445053"]
[BlackFideId "2311917"]
[EventDate "2018.03.06"]

1. e4 e5 2. Nf3 Nc6 3. d4 exd4 4. Nxd4 Bc5 5. Be3 Qf6 6. c3 Nge7 7. Bc4 d6 8.
O-O O-O 9. f4 a6 10. a4 Qg6 11. Nd2 Bg4 12. Qe1 Bd7 13. Kh1 h6 14. Qf2 Kh8 15.
f5 Qf6 16. N2f3 Ne5 17. Nxe5 dxe5 18. Nf3 Bxe3 19. Qxe3 Nc6 20. Rfd1 Be8 21. Qc5
Kg8 22. Rd2 Rc8 23. Rad1 b6 24. Qf2 Rd8 25. Bxa6 Rxd2 26. Rxd2 Nb8 27. Bb5 Bxb5
28. axb5 Re8 29. Qe2 Qe7 30. Qd3 Kh7 31. h3 Qf6 32. Nh2 h5 33. Nf3 g6 34. fxg6+
fxg6 35. Qd5 Qf4 36. Rd1 Qf6 37. b4 Kh6 38. c4 Qg7 39. c5 Qf6 40. c6 Qf8 41.
Nxe5 Qxb4 42. Nf7+ Kh7 43. e5 Qa4 44. Rf1 Qc2 45. e6 Qe2 46. Ng5+ Kh6 47. Rf7
Rh8 48. Kh2 Qe3 49. h4 Qe1 50. Qd4 1-0

[Event "Reykjavik Open 2018"]
[Site "Reykjavik ISL"]
[Date "2018.03.13"]
[Round "8.108"]
[White "Signyjarson, Arnar Smari"]
[Black "Kurt, Herbert"]
[Result "1-0"]
[WhiteElo "1351"]
[BlackElo "1682"]
[WhiteFideId "2316340"]
[BlackFideId "16232526"]
[EventDate "2018.03.06"]

1. e4 e6 2. d3 d5 3. Nd2 c5 4. g3 Nc6 5. Bg2 Nge7 6. Ngf3 g6 7. O-O Bg7 8. Re1
O-O 9. e5 Qc7 10. Qe2 b6 11. Nf1 Bb7 12. h4 h5 13. Bg5 Rac8 14. Bh3 d4 15. Bf6
Nd8 16. N1h2 Nd5 17. Bxg7 Kxg7 18. Qd2 Qe7 19. g4 Rh8 20. g5 Nc6 21. c3 dxc3 22.
bxc3 Qd8 23. Bf1 Nde7 24. Be2 Nf5 25. Nf1 Nce7 26. N1h2 Qd5 27. c4 Qc6 28. Qf4
Rcd8 29. Red1 Rd4 30. Qd2 Nxh4 31. Rdc1 Nef5 32. Qd1 Rhd8 33. Rc3 Nxf3+ 34. Bxf3
Qc7 35. Bxb7 Qxb7 36. Nf3 Rg4+ 37. Kf1 Nd4 38. Nxd4 cxd4 39. Rb3 Qg2+ 40. Ke2
Rxg5 41. Rb5 Qg4+ 42. Kd2 Qf4+ 43. Kc2 Qxf2+ 44. Kb3 h4 45. Qh1 Rh8 46. Rf1 Qg2
47. Qxg2 Rxg2 48. c5 bxc5 49. Rb7 Rf8 50. Rxa7 h3 51. Rh1 h2 52. Rb7 Rh8 53. Rf1
h1=Q 54. Rbxf7+ Kg8 55. Rf8+ Kg7 56. R1f7+ Kh6 57. Rxh8+ 1-0

[Event "Reykjavik Open 2018"]
[Site "Reykjavik ISL"]
[Date "2018.03.13"]
[Round "8.109"]
[White "Ontiveros, John"]
[Black "Karlsson, Isak Orri"]
[Result "1-0"]
[WhiteElo "1736"]
[BlackElo "1288"]
[WhiteFideId "2303981"]
[BlackFideId "2312530"]
[EventDate "2018.03.06"]

1. d4 f5 2. c4 Nf6 3. Nc3 g6 4. Nf3 Bg7 5. Bg5 O-O 6. Qd2 Re8 7. O-O-O d6 8. h3
Be6 9. d5 Bf7 10. Bh6 Bh8 11. Ng5 Nbd7 12. e4 fxe4 13. Ncxe4 Nxe4 14. Nxe4 c6
15. Ng5 Qb6 16. Nxf7 Kxf7 17. f4 Rg8 18. g4 Ke8 19. Bg2 c5 20. Rhe1 Kd8 21. Bg5
Re8 22. Re6 Qa6 23. Kb1 Qxc4 24. Rxd6 h6 25. Bf1 Qe4+ 26. Bd3 Qd4 27. Rxd7+ Kxd7
28. Bb5+ Kc7 29. Qxd4 Bxd4 30. Bxh6 Bf6 31. Rf1 Rh8 32. g5 Bd4 33. f5 gxf5 34.
Rxf5 Be3 35. Re5 Bf4 36. Rxe7+ Kc8 37. h4 Bg3 38. h5 Bf4 39. Rf7 Be3 40. Rf3 Bd4
41. Rf8+ Kc7 42. Rxh8 Bxh8 43. g6 1-0

[Event "Reykjavik Open 2018"]
[Site "Reykjavik ISL"]
[Date "2018.03.13"]
[Round "8.110"]
[White "Fjallheim, Elmar Reinert"]
[Black "Magnusson, Thorsteinn"]
[Result "1/2-1/2"]
[WhiteElo "1644"]
[BlackElo "1435"]
[WhiteFideId "7201095"]
[BlackFideId "2310287"]
[EventDate "2018.03.06"]

1. e4 e6 2. d4 d5 3. e5 c5 4. c3 Nc6 5. Nf3 Qb6 6. a3 cxd4 7. cxd4 Nh6 8. Bd3
Bd7 9. Bc2 Be7 10. Nc3 f6 11. Na4 Qc7 12. exf6 Bxf6 13. Nc3 Nf7 14. O-O g5 15.
h3 h5 16. Bg6 g4 17. Ng5 Bxg5 18. Bxg5 Rg8 19. Qd3 Nxd4 20. Bxf7+ Kxf7 21. Qh7+
Rg7 22. Qxh5+ Rg6 23. h4 Qe5 24. Qxg4 Rh8 25. Rae1 Qg7 26. Qf4+ Kg8 27. g3 e5
28. Qe3 Bh3 29. Nxd5 Rd6 30. Ne7+ Kf8 31. Rc1 Qf7 32. Rc8+ Bxc8 33. Nxc8 Rg6 34.
f4 Qc4 35. fxe5+ Kg7 36. Bf6+ Kh7 37. Bxh8 Rxg3+ 38. Qxg3 Ne2+ 39. Kg2 Nxg3 40.
Rf8 Nf5 41. Bf6 Qe4+ 42. Kf2 Qe3+ 43. Kg2 Qe2+ 44. Kg1 Qe1+ 45. Kg2 Qd2+ 46. Kf3
Qe3+ 47. Kg2 1/2-1/2

[Event "Reykjavik Open 2018"]
[Site "Reykjavik ISL"]
[Date "2018.03.13"]
[Round "8.111"]
[White "Tsanaclis, Albert"]
[Black "Lima, Steinar"]
[Result "1-0"]
[WhiteElo "1429"]
[BlackElo "1637"]
[WhiteFideId "2624834"]
[BlackFideId "1542290"]
[EventDate "2018.03.06"]

1. e4 e6 2. d4 d5 3. Nd2 dxe4 4. Nxe4 Nd7 5. Nf3 Ngf6 6. Nxf6+ Nxf6 7. Bd3 c5 8.
O-O Bd7 9. Bg5 cxd4 10. Nxd4 h6 11. Bh4 Bc5 12. Nb3 Bb6 13. Be4 g5 14. Bxb7 Rb8
15. Bg3 Rxb7 16. Qf3 Nd5 17. c4 g4 18. Qxg4 Ne7 19. Rad1 Qc8 20. Rfe1 Bc6 21. c5
Bc7 22. Qd4 Rg8 23. Qd3 Bxg3 24. hxg3 Rd7 25. Nd4 Rg6 26. Qc2 Qb7 27. Re3 Nd5
28. Rb3 Nb4 29. Rxb4 Qxb4 30. Nxc6 Qb7 31. Rxd7 Qxc6 32. Rd6 Qc7 33. b4 Rg5 34.
Qa4+ Ke7 35. Qd1 Kf8 36. Qf3 Rf5 37. Qd3 a5 38. a3 axb4 39. axb4 Qa7 40. Ra6 Qb7
41. b5 Rxc5 42. Qd6+ Qe7 43. Ra8+ 1-0

[Event "Reykjavik Open 2018"]
[Site "Reykjavik ISL"]
[Date "2018.03.13"]
[Round "8.113"]
[White "Piovar, Jaroslav"]
[Black "Fjallheim, Benjamin Reinert"]
[Result "0-1"]
[WhiteElo "1592"]
[BlackElo "1293"]
[WhiteFideId "14927004"]
[BlackFideId "7202008"]
[EventDate "2018.03.06"]

1. d4 Nf6 2. c4 g6 3. Nc3 Bg7 4. e4 d6 5. f4 Nbd7 6. Nf3 O-O 7. Be2 c5 8. d5 Nb6
9. O-O Bd7 10. e5 Ne8 11. Be3 Qc7 12. exd6 exd6 13. Rc1 Nf6 14. Ng5 Rfe8 15. Bd2
h6 16. Nf3 Ne4 17. b3 Nxd2 18. Qxd2 Re7 19. Rfe1 Rae8 20. Bd3 Bg4 21. Kf2 Bxf3
22. Rxe7 Qxe7 23. Kxf3 Qh4 24. g3 Qh3 25. Ne4 Bd4 26. Bf1 Qh5+ 27. g4 Qh4 28.
Re1 Kf8 29. h3 f5 30. Ng3 fxg4+ 31. hxg4 Rxe1 32. Qxe1 h5 33. Qe6 hxg4+ 34. Qxg4
Qxg4+ 35. Kxg4 Kg7 36. Ne4 Nc8 37. Kg5 b6 38. Bh3 Ne7 39. Nxd6 Bf6+ 40. Kg4 a5
41. Ne4 Kf7 42. Nd6+ Kg7 43. a4 Ng8 44. Nc8 Bd8 45. d6 Kf7 46. Kf3 Nh6 47. Ke4
Kf6 48. Kd5 Nf5 49. Kc6 Ke6 50. Bxf5+ Kxf5 51. Nxb6 Kxf4 52. Nd5+ Ke4 53. Kxc5
g5 54. Kc6 g4 55. Kd7 g3 56. Kxd8 g2 57. d7 g1=Q 58. Kc8 Qc5+ 59. Nc7 Qf5 60.
Nd5 Kd4 61. Kc7 Qe5+ 62. Kb7 Qd6 63. Nb6 Kc5 64. Kc8 Qc6+ 65. Kd8 Qxb6+ 66. Ke8
Qe6+ 67. Kd8 Kc6 68. Kc8 Qxd7+ 69. Kb8 0-1